| 000 | 00428nam a2200181Ia 4500 | ||
|---|---|---|---|
| 003 | GCL | ||
| 008 | 140319s9999 xx 000 0 eng d | ||
| 040 |
_aGCL / _cGCL |
||
| 082 | 0 | 4 |
_aCH _b940.1 _bO M |
| 100 | 1 | _aOABES, CALHERINE | |
| 245 | 1 | 0 |
_aTHE MIDDLE AGES / _cOABES, CALHERINE |
| 700 | 1 | _aBIESTY, STEPHEN | |
| 260 |
_a[S.N] : _bHANLYN |
||
| 300 | _a64 P | ||
| 650 | 0 | 4 | _aCHILDREN |
| 650 | 0 | 4 | _aHISTORY |
| 942 |
_2ddc _cBK |
||
| 999 |
_c17806 _d17806 |
||